000 01003nam a2200229 a 4500
008 120416s1982 ||||||||||||||||| || u
020 _a9221028461
050 _aHB 615 MER
100 _aNelson, Robert E
245 1 4 _aThe practice of entrepreneurship
260 _aGeneva :
_bInternational Labour Office
_c1982
300 _aix, 196 p. : ill.
350 _a0.00
650 0 _aMANAGEMENT
650 _aEXECUTIVE ABILITY
650 0 _aENTREPRENEURSHIP
700 _aNeck, Philip A
700 _aMeredith, Geoffrey Grant
995 _aMAIN LIBRARY OPEN ACCESS
_D0.00
_e708425
_FCBU-MAIN LIBRARY (Kitwe)
_H2
_I10.00
_jHB 615 Mer
_M2
_ULOST
_VMar 6, 2013
_y002371
_ZMain Library Open Access Collection
995 _aBINDERY (DAMAGED)
_D0.00
_e708425
_FCBU-MAIN LIBRARY (Kitwe)
_H3
_I10.00
_jHB 615 Mer
_M3
_UAVAILABLE
_y002370
_ZMain Library Open Access Collection
995 _aBINDERY (DAMAGED)
_D0.00
_e708923
_FCBU-MAIN LIBRARY (Kitwe)
_H1
_I10.00
_jHB 615 MER
_M1
_UDAMAGED
_y002369
_ZMain Library Open Access Collection
999 _c77001
_d77001